000 00248nam a2200109Ia 4500
008 170620s9999 xx 000 0 und d
100 _aDESAI BIPIN C
245 0 _aINTRO TO DATABASE SYSTEM
260 _bN DELHI GALGOTIA
260 _c2007
300 _a934
546 _aENGLISH
999 _c29824
_d29824